| 000 | 01278am a2200433a 44500 | ||
|---|---|---|---|
| 005 | 20250919134850.0 | ||
| 008 | 150413b2005 xxu||||| |||| 00| 0 spa d | ||
| 020 | _a9702605709 | ||
| 041 | _aESP | ||
| 082 | _a302.224 2 F676c2 | ||
| 100 |
_aFonseca Yerena, Socorro _942941 |
||
| 245 | _aComunicación oral: fundamentos y práctica estratégica | ||
| 250 | _a2 edición | ||
| 260 | _aMéxico | ||
| 260 | _bPearson | ||
| 260 | _c2005 | ||
| 300 | _a265 páginas | ||
| 490 | _aTemática General | ||
| 650 | _aCOMUNICACIÓN ORAL | ||
| 650 | _aEXPRESIÓN | ||
| 650 | _aLENGUAJE | ||
| 650 | _aHABILIDADES PARA LA COMUNICACIÓN ORAL | ||
| 650 | _aHABILIDADES DE COMUNICACIÓN NO VERBAL | ||
| 650 | _aGESTOS | ||
| 650 | _aEXPRESIÓN FACIAL | ||
| 650 | _aACTITUDES | ||
| 650 | _aETICA DE LA COMUNICACIÓN | ||
| 650 | _aCOMUNICACIÓN INTERPERSONAL | ||
| 650 | _aCOMUNICACIÓN ORAL ESTRATÉGICA | ||
| 650 | _aESTRATEGIA DE LA COMUNICACIÓN | ||
| 650 | _aORGANIZACIÓN ESTRATÉGICA | ||
| 650 | _aELABORACIÓN DE MENSAJES | ||
| 650 | _aCOMUNICACIÓN EN PÚBLICO | ||
| 650 | _a ESTRATEGIAS PARA INFORMAR | ||
| 650 | _aESTRATEGIAS PARA PERSUADIR | ||
| 650 | _aESTRATEGIA PARA CONVENCER | ||
| 650 | _aCOMUNICACIÓN EN GRUPO | ||
| 942 |
_cBK _2ddc |
||
| 999 |
_c4539 _d4539 |
||